Score 0/12 Timer 01:00
0 Plays Today
Clue 4-Letter Word % Correct
Part of a skeletonBONE
94.9%
Heat-related injuryBURN
88.8%
'For unto you is ____ this day in the city of David a Savior' (Luke 2:11)BORN
87.2%
Tedious personBORE
86%
Windows to the soulEYES
82.6%
Cooked thoroughly or baked to perfectionDONE
82.4%
December 24th and December 31stEVES
80.8%
Coloring agentsDYES
80.2%
Performs an action or particular taskDOES
75.1%
Wears gay apparelDONS
72.3%
☃ With first rung, voice of Sam the Snowman in 'Rudolph the Red-Nosed Reindeer' ☃☃ IVES ☃
50.6%
☃ With last rung, Oscar-winner famous for his Christmas carols ☃☃ BURL ☃
49.2%

Today's Daily Dose

Remove Ads.
Support Sporcle.
Get the best of Sporcle when you Go Orange. This ad-free experience offers more features, more stats, and more fun while also helping to support Sporcle. Thank you for becoming a member.

You're not logged in!

Compare scores with friends on all Sporcle quizzes.
OR
Log In

Show Comments

Extras

Top Quizzes Today


Score Distribution

Your Account Isn't Verified!

In order to create a playlist on Sporcle, you need to verify the email address you used during registration. Go to your Sporcle Settings to finish the process.

Report this User

Report this user for behavior that violates our Community Guidelines.

Details: